header

Absolute BSD (Record no. 404)

MARC details
000 -LEADER
fixed length control field 01207nam a2200313Ia 4500
082 04 - DEWEY DECIMAL CLASSIFICATION NUMBER
Classification number 005.4/4769
100 1# - MAIN ENTRY--AUTHOR NAME
Personal name Lucas, Michael,
245 10 - TITLE STATEMENT
Title Absolute BSD
260 ## - PUBLICATION, DISTRIBUTION, ETC. (IMPRINT)
Place of publication San Francisco :
Name of publisher No Starch Press,
Year of publication c2002.
300 ## - PHYSICAL DESCRIPTION
Number of Pages xlii, 570 p. :
Other physical details ill.
500 ## - GENERAL NOTE
General note Includes index.
650 #0 - SUBJECT ADDED ENTRY--TOPICAL TERM
Topical Term Internet service providers
Topical Term Web servers
Topical Term Client/server computing.
856 40 - ELECTRONIC LOCATION AND ACCESS
Uniform Resource Identifier http://site.ebrary.com/lib/rucke/Doc?id=10007058

No items available.

© 2026 Rongo University
Contact us: librarian | system librarian | Rongo university